Právna úprava elektronického podpisu v Slovenskej republike

Bibliographic Details
Main Author: Gregušová, Daniela, 1947- (Author)
Format: Article
Language:Slovak
ISSN:1335-0714
Subjects:

MARC

LEADER 00000nab a2200000 a 4500
001 vtls000836763
003 SK-MaSNL
005 20260302162703.0
008 180205c2003 xo 0 slo
015 |a SNBRB2003/06-16767 
035 |a CLN000188418 
040 |a SNKBUCL  |b slo  |c SNKBUCL  |e AACR2 
041 0 |a slo 
044 |a xo  |c SK 
080 |a 347.716:681.3  |2 UDC-MRF-SK2 
080 |a 339.162.681.3:347.716  |2 UDC-MRF-SK2 
100 1 |a Gregušová, Daniela,  |d 1947-  |4 aut  |9 204692 
245 1 0 |a Právna úprava elektronického podpisu v Slovenskej republike  |c Daniela Gregušová 
505 1 |a Vyhláška č. 537/2002 Z.z. o vyhotovení a overovaní elektronického podpisu a časovej pečiatky -- Vyhláška č. 538/2002 Z.z. o kvalifikovaných certifikátoch -- Vyhláška č. 540/2002 o podmienkach na poskytovanie akreditačných certifikačných služieb a o požiadavkách na audit, rozsah auditu a kvalifikáciu audítorov -- Vyhláška č. 541/2002 Z.z. o obsahu a rozsahu prevádzkovej dokumentácie vedenej certifikačnou autoritou a o bezpečnostných pravidlách a pravidlách na výkon certifikačných činností -- Vyhláška č. 542/2002 Z.z. o používaní elektronického podpisu v obchodnom a administratívnom styku 
650 0 7 |a podpis elektronický  |x úpravy právne  |2 snkbucl  |9 862779 
655 7 |a články z novín a časopisov  |2 snkbucl  |9 267496 
773 0 |x 1335-0714  |t Ekonomický a právny poradca podnikateľa  |g Č. 10-11 (2003), s. 148-214 
850 |a Slovenská národná knižnica v Martine 
852 |a SNK  |b KIS3GCP 
958 |a RBX 
999 |c 1380997  |d 1382927